| 000 | 01205nam a2200241Ia 4500 | ||
|---|---|---|---|
| 999 |
_c36882 _d36882 |
||
| 001 | 2832 | ||
| 003 | GE_BSU | ||
| 005 | 20190611212123.0 | ||
| 008 | 181216s2009||||ge |||||||||||||| ||geo|| | ||
| 020 | _a978994106001 | ||
| 040 | _cGE_BSU | ||
| 041 | _ageo | ||
| 080 | _a338.22(075.8)+338.436.33:63(075.8) ა–25 | ||
| 245 |
_aაგრობიზნესი. ნაწ.1. : _bდამხმ. სახელმძღვ. აგრ. უნ-ტის ყველა სპეც. სტუდ. / _cს. თურმანიძე, გ. ძაგნიძე, ი. ფალელაშვილი და სხვ.; გ. ძაგნიძის რედ. |
||
| 264 |
_aთბილისი : _b საზ-ბა ცოდნა, _c 2009. |
||
| 300 |
_a234 გვ. : _bნახ., სქ. _c20 სმ. |
||
| 653 | _aაგრობიზნესი | ||
| 700 |
_aთურმანიძე, ს. _eავტორი _91807 |
||
| 700 |
_aძაგნიძე, გ. _eავტორი _92433 |
||
| 700 |
_aფალელაშვილი, ი. და სხვ. _eავტორი _92434 |
||
| 700 |
_aძაგნიძე, გ. _eრედაქტორი _92435 |
||
| 942 |
_cBK _2udc |
||